Apertura comercial en Costa Rica: la situación actual /
Gardado en:
| Autor Principal: | |
|---|---|
| Formato: | Texto |
| Materias: | |
| Etiquetas: |
Engadir etiqueta
Sen Etiquetas, Sexa o primeiro en etiquetar este rexistro!
|
MARC
| LEADER | 00000 a a2200000 04500 | ||
|---|---|---|---|
| 001 | 13582 | ||
| 003 | |||
| 040 | |||
| 100 | |a Castillo Araya, Elizabeth | ||
| 245 | |a Apertura comercial en Costa Rica: |b la situación actual / |c Elizabeth Castillo Araya | ||
| 650 | |a COMERCIO INTERNACIONAL | ||
| 650 | |a ESTADO | ||
| 650 | |a AJUSTE ESTRUCTURAL | ||
| 650 | |a MODELOS DE DESARROLLO | ||
| 650 | |a MODERNIZACION | ||
| 650 | |a EMPRESAS | ||
| 650 | |a CRECIMIENTO ECONOMICO | ||
| 650 | |a DEUDA INTERNA | ||
| 650 | |a ESTUDIOS DE CASOS | ||
| 650 | |a ACUERDOS ECONOMICOS | ||
| 773 | |g número 71; páginas 37-53 | ||
| 999 | |c 33714 |d 33714 | ||
